000 01543cam a2200385 a 4500
999 _c41416
_d41416
001 15109704
003 OSt
005 20220106124012.0
008 071211s2008 maua b 001 0 eng
010 _a 2007050632
016 7 _a101392282
_2DNLM
020 _a9781405145183
020 _a1405145188
035 _a(OCoLC)ocn183831379
035 _a(OCoLC)183831379
040 _aDNLM/DLC
_cDLC
_dNLM
_dBAKER
_dBWKUK
_dYDXCP
_dDLC
050 0 0 _aRL71
_b.E95 2008
060 1 0 _aWR 140
_bE93 2008
082 0 0 _a616.5
_222
_bWIL/E
245 0 0 _aEvidence-based dermatology /
_cedited by Hywel Williams ; associate editors, Michael Bigby ... [et al.].
250 _a2nd ed.
260 _aMalden, Mass. ;
_aOxford :
_bBlackwell Pub./BMJ Books,
_c2008.
300 _axv, 723 p. :
_bcol. ill. ;
_c29 cm.
504 _aIncludes bibliographical references and index.
650 0 _aEvidence-based dermatology.
650 1 2 _aSkin Diseases.
650 2 2 _aEvidence-Based Medicine.
700 1 _aWilliams, Hywel C.
_98979
856 4 2 _3Contributor biographical information
_uhttp://www.loc.gov/catdir/enhancements/fy0833/2007050632-b.html
856 4 2 _3Publisher description
_uhttp://www.loc.gov/catdir/enhancements/fy0833/2007050632-d.html
856 4 1 _3Table of contents only
_uhttp://www.loc.gov/catdir/enhancements/fy0833/2007050632-t.html
906 _a7
_bcbc
_corignew
_d1
_eecip
_f20
_gy-gencatlg
942 _2ddc
_cBK
_h616.5
_iWIL/E
_k616.5
_mWIL/E